000 00546nam a2200229Ia 4500
003 OSt
005 20250703145145.0
008 210210b2013 xxu||||| |||| 00| 0 eng d
020 _a9780521696241
040 _cAL
041 _aeng
082 _a515.8 CARR
100 _aCarothers N L
_9217072
245 _aReal analysis
260 _aUK
_bCambridge University Press
_c2013
300 _axiii,401p.
650 _aReal
_9217073
650 _aanalysis
_9217074
690 _aReal Analysis
_9217075
906 _a068351
942 _2ddc
_cBK
999 _c152531
_d152531